[Event "Rishon Le Ziyyon-ch op rap"]
[Site "Rishon Le Ziyyon"]
[Date "2000.09.02"]
[Round "9"]
[White "Shklovski, Vladislav"]
[Black "Golod, Vitali"]
[Result "0-1"]
[WhiteElo "2220"]
[BlackElo "2590"]
[Annotator "Golod,V"]
[PlyCount "48"]
[EventDate "2000.09.01"]
[EventType "swiss (rapid)"]
[EventRounds "9"]
[EventCountry "ISR"]

{This was the last round game.We shared five place with many other players (6
point of 8 games) and it was clear that I need only win.} 1. e4 e5 2. Nf3 Nc6
3. Bc4 Nf6 4. d4 $5 exd4 5. e5 ({Less principally:} 5. O-O) 5... d5 (5... Ng4
$5) 6. Bb5 Ne4 7. Nxd4 Bd7 ({Another line is:} 7... Bc5 $5 {See comments to
Karpatchev,A-Potapov,A/St.Petersburg, 1998/CBM 67(0-1)(Atlas,V)(39)}) 8. Bxc6
bxc6 9. O-O Bc5 10. f3 {Besides white has three options:} (10. Be3 $5) (10. Nc3
) ({and} 10. c3) 10... Ng5 11. f4 Ne4 12. Be3 O-O ({Dubious:} 12... Rb8 {
because of:} 13. Nd2 (13. b3 $5) 13... Nxd2 (13... Rxb2 $2 14. N2b3 {[%csl Rb2]
[%cal Ge3c1]}) 14. Qxd2 O-O (14... Rxb2 $2 15. Qc3 Bxd4 16. Bxd4 $16) 15. Nb3
Bb6 $14 {Karavaev,D-Skatchkov,P/Orel,1996(1/2-1/2) (45)})

[Event "SCG-chT"]
[Site "Budva"]
[Date "2003.??.??"]
[Round "8.43"]
[White "Radovanovic, Dusan"]
[Black "Lekic, Dusan"]
[Result "1-0"]
[WhiteElo "2319"]
[BlackElo "2416"]
[PlyCount "33"]
[EventDate "2003.09.??"]
[EventType "team"]
[EventRounds "11"]
[EventCountry "YUG"]

1. e4 e5 2. Nf3 Nc6 3. d4 exd4 4. Bc4 Nf6 5. e5 Ng4 6. O-O d6 7. exd6 Bxd6 8.
Re1+ Kf8 9. Na3 Qf6 10. Bg5 Bxh2+ 11. Nxh2 Qxg5 12. Nf3 Qf4 13. Nb5 Nce5 14.
Nxc7 Nxf3+ 15. Qxf3 Qh2+ 16. Kf1 Qxc7 17. Qa3+ 1-0

[Event "Nice ol (Men) fin-A"]
[Site "Nice"]
[Date "1974.06.25"]
[Round "10"]
[White "Ljubojevic, Ljubomir"]
[Black "Sanguineti, Raul"]
[Result "1-0"]
[WhiteElo "2605"]
[BlackElo "2530"]
[PlyCount "31"]
[EventDate "1974.06.06"]
[EventType "team-tourn"]
[EventRounds "15"]
[EventCountry "FRA"]
[Source "ChessBase"]
[SourceDate "1999.11.16"]
[WhiteTeam "Yugoslavia"]
[BlackTeam "Argentina"]
[WhiteTeamCountry "YUG"]
[BlackTeamCountry "ARG"]

1. e4 e5 2. Nf3 Nc6 3. Bc4 Nf6 4. d4 exd4 5. e5 Ng4 6. O-O d6 7. exd6 Bxd6 8.
Re1+ Kf8 9. Na3 Nce5 10. h3 Bxa3 11. Rxe5 Nxe5 12. Nxe5 Qe7 13. Nxf7 Be6 14.
Bxe6 Qxe6 15. Ng5 Qf5 16. bxa3 1-0

[Event "Cappelle op 25th"]
[Site "Cappelle la Grande"]
[Date "2009.03.04"]
[Round "6"]
[White "Vocaturo, Daniele"]
[Black "Delort, Frederic"]
[Result "1-0"]
[WhiteElo "2445"]
[BlackElo "2216"]
[Annotator "Vojta,Rut"]
[PlyCount "73"]
[EventDate "2009.02.28"]
[EventType "swiss"]
[EventRounds "9"]
[EventCountry "FRA"]

1. e4 e5 2. Nf3 Nc6 3. d4 exd4 4. Bc4 Nf6 5. e5 Ng4 6. O-O d6 7. exd6 Bxd6 8.
Re1+ Kf8 9. c3 Nge5 (9... dxc3 10. Nxc3 Bc5 11. Qxd8+ Nxd8 12. Ne4 Bb4 13. Bd2
Bxd2 14. Nexd2 Nf6 15. Rac1 Be6 16. Nd4 Bxc4 17. Nxc4) 10. Nxe5 Nxe5 11. Qxd4
Nxc4 12. Qxc4 Be6 13. Qe4 Bd5 14. Qf5 Bc6 15. Nd2 Qd7 16. Qxd7 Bxd7 17. Nc4 Re8
18. Be3 Re6 19. Nxd6 cxd6 20. Bxa7 Ke7 21. Red1 b5 22. Rd2 Bc6 23. Kf1 Re4 24.
a3 Ke6 25. Rad1 d5 26. Bd4 f6 27. f3 Rh4 28. Re1+ Kf7 29. g3 Rh5 30. g4 Rh6 31.
Rde2 Re8 32. Rxe8 Bxe8 33. Bc5 Bc6 34. Re7+ Kg6 35. Rc7 Be8 36. Kg2 f5 37. Bd4
1-0

[Event "Corus-B"]
[Site "Wijk aan Zee"]
[Date "2004.01.25"]
[Round "13"]
[White "Nakamura, Hikaru"]
[Black "Fressinet, Laurent"]
[Result "1-0"]
[WhiteElo "2571"]
[BlackElo "2636"]
[Annotator "Lukacs"]
[PlyCount "69"]
[EventDate "2004.01.10"]
[EventType "tourn"]
[EventRounds "13"]
[EventCountry "NED"]
[EventCategory "13"]

1. e4 e5 2. Nf3 Nc6 3. d4 exd4 4. Bc4 Nf6 5. e5 Ne4 (5... d5 {is the old main
line.}) 6. Qe2 Nc5 7. c3 $1 {Making a real gambit in the spirit of the "old
days".} (7. O-O Ne6 (7... Be7 8. Rd1 Ne6 {Black wants to hold the P, or get
the ^^ for it.} (8... d5 9. exd6 Qxd6 10. b4 {White has to play energetically,
otherwise Black will finish his development.} (10. Nc3 O-O 11. Nb5 Qg6 12. Nxc7
Bh3 13. g3 Rad8 $132) 10... d3 $1 11. cxd3 Nxb4 12. d4 Nd7 (12... Be6 $2 {
loses material after} 13. dxc5 Bxc4 14. cxd6 Bxe2 15. Re1 $16 {Tzermiadianos-Ce
zermiadianos-Cela, Ikaros/Thessaloniki 1997}) 13. Re1 {and Black cannot castle!
} Nb6 14. Bf4 Qd8 15. Bg5 $44 {Nogueiras-Mikhalchishin, WchT U26 Mexiko 1977})
(8... O-O 9. Nxd4 d5 10. Nb5 Be6 11. Bxd5 Bxd5 12. N1c3 a6 13. Rxd5 Qc8 14. Nd6
$1 $14 {Sax-Gligoric, Ljubljana/Portoroz 1977}) 9. Bxe6 dxe6 $13 {- 7...Ne6} (
9... fxe6 10. Nxd4 Nxd4 11. Rxd4 O-O 12. Nc3 d5 13. exd6 cxd6 $13 (13... Bxd6 {
leaves a weak isolated e P.} 14. Be3 e5 15. Rd2 $14 {V.Gurevich-Jonkman,
BL2-West 2002}))) 8. c3 (8. Rd1 d5 $1 (8... Be7 {- 7...Be7}) 9. Bb5 (9. Bb3 Bc5
{Black holds his extra P with a quick development.} 10. c3 O-O 11. cxd4 Ncxd4
12. Nxd4 Nxd4 13. Rxd4 Bxd4 14. Qd3 Bxf2+ $17 {M.Voigt-Mikhalchishin, Dortmund
1992}) 9... Bc5 10. c3 Bd7 11. Bxc6 Bxc6 12. cxd4 Bb6 {^^} 13. Nc3 O-O $13 {
Mikhalchishin}) (8. Bxe6 dxe6 9. Rd1 {The maximum White can get is the
material equality, but Black's ^^ will be dangerous.} Be7 (9... Bc5 $5 10. Nc3
(10. b4 {is overoptimistic.} Bxb4 11. c3 Bc5 12. cxd4 Be7 13. Nc3 Nb4 $15 {
Kotronias-mikhalchishin, Lvov 1988}) 10... O-O 11. Ne4 $44) 10. Be3 (10. c3 O-O
11. Nxd4 Nxd4 12. Rxd4 Qe8 {and White's space advantage can probably
compensate the strong ^^.} 13. Nd2 Kh8 14. Nf3 Bd7 15. Ng5 Bc6 16. Bf4 Bxg5 17.
Bxg5 f5 $11 {Schandorff-Nielsen, Danmark 1994}) 10... O-O (10... Bd7 11. Bxd4
Nxd4 12. Nxd4 O-O 13. Nc3 c5 14. Ndb5 a6 15. Nd6 {The N on d6 is very strong.}
Qc7 16. Nce4 Bc6 $1 {(And.Tzermiadianos-Gligoric, Panormo 1998)} 17. Rd3 $1
Bxe4 18. Qxe4 Bxd6 19. exd6 Qd7 $14 {And.Tzermiadianos}) 11. Nxd4 Qd5 $11 {
Haag-L.Lengyel, HUN-ch 1964}) 8... d5 $1 9. Bb5 dxc3 10. Nxc3 d4 (10... a6 $5)
11. Rd1 $44 (11. Ne4 Be7 12. Bd2 O-O $13 {D.Olafsson-Finegold, Reykjavik op
1990})) (7. Ng5 $5 Ne6 8. Nxe6 (8. Qh5 g6 $17) 8... fxe6 $5 (8... dxe6 9. Bf4
d3 10. Qxd3 Qxd3 11. Bxd3 Bd7 {Lazic-Blagojevic, Beograd GMA op 1988} 12. a3
$14) 9. O-O Bc5 $13 {firmly holding the d P.}) 7... dxc3 (7... Ne6 {is the
other way, but White's advantage of development will be the same.} 8. cxd4
Nexd4 (8... d5 $6 9. exd6 $16) 9. Nxd4 Nxd4 10. Qe4 Ne6 11. O-O $44) (7... d3
8. Qe3 Na5 (8... Ne6 9. O-O d6 10. Re1) 9. Bxd3 Nxd3+ 10. Qxd3 d6 11. Bf4 Be6
12. Nbd2 dxe5 13. Qb5+ c6 14. Qxe5) 8. Nxc3 Be7 (8... Ne6 9. O-O $44) 9. Be3 ({
The aggressive} 9. Nd5 $5 {deserves attention, for example:} O-O 10. b4 Ne6 11.
b5 $36) 9... O-O (9... Ne6 10. O-O-O O-O {- 9...0-0}) 10. O-O-O {Castling to
the opposite side helps White to use his big lead of development.} Ne6 11. Ne4
Qe8 (11... d6 12. h4 {White has to attack on the >>.} Re8 13. h5 $44) 12. h4 d6
$1 {Black is happy to give back the P in order to finish his development.} 13.
exd6 cxd6 14. Nxd6 Bxd6 ({missing the effective intermediate move} 14... Ned4
$1 15. Nxd4 (15. Nxe8 Nxe2+ 16. Bxe2 Rxe8 $11) (15. Bxd4 Bxd6 16. Qxe8 Rxe8 17.
Be3 Bc7 $11) 15... Bxd6 16. Nb5 (16. Nf3 Qe7 17. h5 h6) 16... Be5 17. Rhe1 a6
$11) 15. Rxd6 {Black has still problems with the development of his <<.} Na5
16. Bd3 Qa4 17. Kb1 Nf4 18. Qc2 (18. Bxf4 Qxf4 19. Rd4 Qc7 20. Qe4 $16 {was
the other way centralizing the better developed pieces.}) 18... Qxc2+ 19. Bxc2
Ne6 (19... Nxg2 $2 {founders on} 20. Bc1 b6 21. Be4 Bb7 22. Bxb7 Nxb7 23. Rd4
$18) 20. b3 $16 {Now White's strong ^^ controls the battlefield, and Black's
pieces still lack any development.} b6 21. Ng5 h6 22. Nxe6 (22. Bh7+ $1 Kh8 23.
Nxe6 Bxe6 24. Be4 $16 {worsening the enemy king's position.}) 22... Bxe6 23.
Be4 {The N on the edge of the board is a pest.} Rac8 24. f3 (24. Rhd1 $5) 24...
Rfe8 25. Bf4 (25. Rhd1 $5) 25... Re7 26. Rc1 Rce8 (26... Rxc1+ $1 27. Kxc1 f5
28. Bc2 Nb7 {and at least the N can come back.}) 27. b4 Nb7 28. Rdc6 f5 29. Bd3
Kf7 30. Rc7 a5 $2 {This loses quickly.} (30... Rd8 31. Rxe7+ Kxe7 32. Rc7+ Rd7
33. Rxd7+ Bxd7 34. h5 $16 {is certainly better for White because of the active
^^, but things are far from clear.}) 31. Bb5 $1 $18 Rd8 32. Rxe7+ Kxe7 33. Rc7+
Kf6 34. Rxb7 Rd4 35. Bc1 $1 1-0

 g5 23. h4 $16) (16... O-O 17. c4 $1 {
White wants to kill the b6 B forever.} (17. c3 {fights against Black's [+],
but it is wiser to blockade it.} Be6 (17... Bc6 {This is connected with a
well-known positional P sacrifice.} 18. cxd4 c4 {This is the main idea, Black
has the total control over the long /^, and the other B can also breethe.} 19.
Na5 (19. Nc1 Qd5 20. Be3 f6 $44) 19... Bxg2 $1 20. Kxg2 Qd5+ 21. Kg3 Bxa5 22.
Qe2 f6 $11 {Sveshnikov-Zakharov, SU-ch sf Volgodonsk 1983}) 18. cxd4 Bxb3 19.
axb3 cxd4 20. f5 $5 (20. Rfd1 Qd5) 20... Qd5 21. Qf4 Rae8 22. Rae1 f6 $5 $13 {
Okhotnik-Brdicko, Prague Mladi-A 1988}) 17... Qe7 $142 (17... Bc6 18. f5 $5 (
18. Nc1 $14 {/\ Nd3 with an ideal blockade, Agzamov.}) 18... Qd7 19. Bg3 $16)
18. Qd3 $1 {fighting for the b1-h7 /^.} (18. Bg3 Bf5 $13) (18. Nc1 Rfe8 19. Nd3
Bf5) 18... Rfe8 (18... f5 {already closes the position, which helps for White,
as it was mentioned before.} 19. Nd2 $14) 19. Bg3 a5 20. f5 a4 21. Nd2 $14 {
and White's central pawns are very dangerous.}) 17. c4 (17. f5 $5 {was the
other alternative following the advance on the >>.} Qd5 18. Qg5 c4 19. Nd2)
17... Qd7 (17... dxc3 $5 18. Qxc3 Qd5 {opens up the position for the ^^, but
weakens the P structure.} 19. Qg3 O-O-O 20. Qg4+ (20. Rac1 c4 21. Bxb6 axb6)
20... Bd7 21. Qe2 Bc6 22. Qg4+ Bd7 23. Qe2 {1/2:1/2 Jackova-Kuang Yinhui, Wch
U20 Girls 1999}) 18. Qd3 (18. Bxd4 $5 {deserved serious attention making
Black's << weaknesses vulnerable.} cxd4 19. c5 Rd8 $1 (19... Bxc5 $2 {
activates the enemy N.} 20. Nxc5 Qd5 21. Na6 Qd7 22. Rac1 $1 {keeping control
over >< c5.} (22. Rfd1 {This is not the precise R move!} Rd8 23. e6 fxe6 24.
Nc5 Qf7 25. Nxe6 Qxe6 $1 {Black is happy to "sacrifice" his Q for two rooks!} (
25... Rd6 26. f5 $16 {Garcia Elio-Pena Gomez, ESP-ch U20 Mondariz Balneario
2000}) 26. Re1 Be4 27. Rxe4 Qxe4 28. Re1 Qxe1+ 29. Qxe1+ Kf7 $11) 22... O-O (
22... Rc8 $2 23. Rfd1 $18) 23. Rc5 Bb5 24. Rxb5 Qxb5 25. Nxc7 $16 {and White
is a healthy P up.}) 20. f5 $1 {White is not hurrying to get back the piece.} (
20. cxb6 axb6) 20... Bxc5 (20... d3 21. cxb6 cxb6 22. e6 $1) 21. Nxc5 Qe7 22.
Rac1 O-O 23. Rfe1 $14 {and White's pawns are more mobile than Black's ones.}) (
18. Bh4 {/\ f5} Qf5 {Black has to blockade >< f5.} (18... Qg4 $5 19. Qf2) 19.
Rae1 a5 20. Qe2 a4 21. Nc1 O-O 22. Nd3 Rfe8 $13 {is the strong prophylactic
move.} (22... f6 $6 {is now premature:} 23. e6 $1 (23. exf6 Rae8 24. Ne5 gxf6
25. Qg4+ Qxg4 26. Nxg4 Kg7 27. Rxe8 Bxe8 28. Re1 $14 {Rizouk-Klovans, Biel op
1995}) 23... Rfe8 24. g4 Qg6 25. f5 Qh6 26. Bg3 $16)) (18. f5 $5 {deserves
also attention.} Qxf5 $1 {This P has to be eliminated.} (18... O-O 19. f6 $1
$14) 19. Bxd4 Qe6 $1 (19... Qd7 20. Be3 $14) 20. Bxc5 Qxc4 (20... Bxc5+ 21.
Nxc5 Qxc4 22. Nb3 $14 (22. Rfc1 Qb5 23. a4 Qb6 24. e6 $14) (22. Rac1 {- 20...
Qc4})) 21. Bxb6 $142 (21. Rac1 Bxc5+ $1 (21... Qd5 22. Qg5 $1 $16 {
Hagasaether-Westerinen, Jarleslaget op 1997}) 22. Nxc5 Qxa2 23. e6 O-O $1 $13)
21... cxb6 (21... axb6 $6 22. Rac1 Qe4 (22... Qd5 23. Rfd1 $1) 23. Rfe1 Qd5 24.
Red1 Qe4 25. Nd4 $16) 22. Rac1 Qd5 23. Qf2 $1 (23. Rfd1 Qxd2 24. Rxd2 Be4 25.
Rc7 O-O $11) 23... Rc8 24. e6 $1 $14) 18... O-O-O 19. f5 Rde8 20. Rae1 (20. Bg3
$5 h5 21. h3) 20... g6 21. Bg3 Bb7 $2 {This is only a loss of time.} ({Black
had to take up the gauntlet immediately on the >> by} 21... gxf5 $1 22. Rxf5 (
22. Qxf5 Qxf5 23. Rxf5 Re7) 22... h5 23. Rf4 Reg8 24. Re2 Rg4 $13) 22. Re2 Rhg8
$2 {# Black has no time for slow preparations.} (22... gxf5 {was still required
} 23. Rxf5 h5 $1 (23... Rhg8 24. Ref2 Rg7) 24. Rf4 (24. Ref2 h4 25. Bf4 h3 $15)
24... Rhg8 25. Qh7 $14 (25. Bh4 Rg4)) 23. e6 $1 {Now White creates a dangerous
o^ paralyzing Black's rooks.} (23. f6 $143 Re6 $13) 23... fxe6 24. f6 $1 {This
is the point!} Rgf8 25. Be5 {After the positional P sacrifice Black is pushed
to the wall.} g5 (25... Rd8 26. Nc1) 26. Nc1 {The N was not active enough, it
was time to improve his position. Black can only sit and wait.} Rf7 27. a3 a5 {
against b2-b4} (27... Rd8 28. b4) 28. b3 Rd8 29. a4 {White blockades the << in
order to pay more attention to the >>.} Qe8 (29... g4 $5 30. Qg3 h5 31. Qh4 Qe8
32. Nd3 (32. Qxh5 $2 {falls into the trap after} Rxf6 $1) 32... Rf8 33. Bg3 $16
) 30. Qh3 d3 $6 {Desperation.} (30... h5 31. Nd3 Rf8 32. Bg3 $16 {was not rosy
either.}) 31. Nxd3 $18 {Now Black is lost completely.} Rfd7 32. Re3 h5 33. Bc3
g4 34. Qg3 c6 {killing the light-squared B.} (34... h4 $2 35. Qxg4 $1 Rxd3 36.
Rxd3 Rxd3 37. f7 $18) 35. Ne5 Bc7 36. Qe1 Bxe5 37. Bxe5 Ba8 38. Qxa5 Kb7 39. b4
cxb4 40. c5 1-0

[Event "Malakoff op 09th"]
[Site "Malakoff"]
[Date "2009.04.12"]
[Round "2"]
[White "Sveshnikov, Vladimir"]
[Black "Lebrun, Xavier"]
[Result "1-0"]
[WhiteElo "2385"]
[BlackElo "2210"]
[Annotator "Malakoff/Primel,D"]
[PlyCount "61"]
[EventDate "2009.04.11"]
[EventType "swiss"]
[EventRounds "9"]
[EventCountry "FRA"]

1. e4 e5 2. Nf3 Nc6 3. Bc4 Nf6 4. d4 exd4 5. e5 d5 (5... Ne4) 6. Bb5 Ne4 7.
Nxd4 Bd7 (7... Bc5 {L'alternative qui est plus active} 8. Be3 (8. Nxc6 $2 Bxf2+
9. Kf1 Qh4 {[%cal Ge4g3,Gg3f1,Gg3h1]}) 8... Bd7 9. Bxc6 bxc6 10. Nd2 Nxd2 11.
Qxd2 $14 {Sveshnikov,E (2575)-Potapov,A (2475)/RUS-ch51 St Petersburg 1998 (1)/
1/2}) 8. Bxc6 bxc6 9. O-O Bc5 10. f3 (10. Be3 Qe7 {Stellwagen,D (2639)-L'Ami,E
(2577)/Maastricht Complete Chess m 2008 (1)/1/2}) 10... Ng5 11. f4 Ne4 12. Be3
Qe7 13. Nd2 Nxd2 14. Qxd2 O-O 15. Nb3 Bxe3+ ({RR} 15... Bb6 16. Qc3 Rfb8 17.
Bc5 Bxc5+ 18. Nxc5 Bf5 19. b4 a5 20. a3 axb4 21. axb4 Rxa1 22. Rxa1 Qh4 23. Qd2
g5 24. Rf1 Re8 25. h3 g4 26. hxg4 Qxg4 27. c3 Kh8 28. Qd4 Qg7 29. Rf2 Ra8 30.
Nb3 {Okhotnik,V (2490)-Soylu,S (2335)/Kusadasi 1990/EXT 2000/1/2-1/2 (37)}) 16.
Qxe3 f6 17. Rae1 fxe5 18. Qxe5 $6 $146 (18. fxe5 $142 {Karpatchev,A (2505)
-Murdzia,P (2365)/Cappelle op 09th 1993 (8)/1/2}) 18... Qd6 (18... Qxe5 19.
fxe5 Rxf1+ 20. Kxf1 Kf7 $11) 19. Qd4 Rae8 20. Re5 Bf5 (20... Rxe5 $5 21. fxe5
Rxf1+ 22. Kxf1 Qg6 {[%cal Gg6c2,Gg6g2]} 23. Qxa7 Qxc2 24. Qxc7 Qb1+ 25. Kf2
Qxb2+ $132) 21. c3 Qg6 22. Nc5 h6 23. Rf2 Kh7 24. Qe3 Bg4 $2 25. Qd4 (25. f5 $1
Qh5 26. Ne6 $40) 25... Bf5 $2 (25... Rxe5 $142 26. Qxe5 Re8 $36) 26. Qe3 Bg4
27. Nd3 (27. f5) 27... Rxe5 28. Nxe5 Qb1+ $2 29. Rf1 Qf5 30. h3 Bh5 31. g4 1-0

[Event "2LA13/14 Vysehrad B - Kladno"]
[Site "?"]
[Date "2014.01.19"]
[Round "6.5"]
[White "Rut, Vojtech"]
[Black "Satransky, Jaroslav"]
[Result "1-0"]
[WhiteElo "2065"]
[BlackElo "2199"]
[Annotator "Vojta Rut"]
[PlyCount "41"]
[EventDate "2014.??.??"]
[SourceDate "2014.06.22"]

1. e4 e5 2. Nf3 Nc6 3. Bc4 Nf6 4. d4 exd4 5. e5 d5 6. Bb5 Ne4 7. Nxd4 Bd7 8.
Bxc6 bxc6 ({Stále nemám jasno jak má bílý hledat výhodu po} 8... Bxc6 $5 9.
Nxc6 bxc6 {nicménì na druhou stranu z èerné pozice zmizela potenciální síla
dvojice støelcù a dvojpìsec mùze být stále slabý}) 9. O-O Be7 10. f3 Nc5 11.
Nc3 $1 ({mùj selský rozum vymyslel ze je to vylepsení varianty} 11. f4 Ne4 12.
Nc3 Nxc3 13. bxc3 {[%csl Rc2,Rc3]}) 11... O-O ({nicménì pøedchozí vývinový tah
bílého dal èernému prostor na} 11... Ne6 $5) 12. f4 Re8 $6 {zaèátek pomalého
plánu, èerný nesmí bílému dovolit rozvinout prostorovou výhodu} 13. f5 Bf8 14.
Bf4 Qc8 $2 {Tady uz je pochybná hra èerného vidìt naplno, tahá po osmé øadì
zatímco bílý jiz myslí na mat} 15. Qh5 {Jestì lépe by dáma stála na g4, kde by
podporovala prùlom e6, samozøejmì to vsak vytváøí èernému taktické protisance}
Rb8 $2 {To snad ne, teï ale opravdu není èas honit pìsáky na dámském køídle}
16. Rae1 {Bílé figury stojí na pìkných místech a uz zaèíná být zle, èerný se
snazí vykroutit obìtí pìsce} Ne4 17. Nxe4 dxe4 18. Rxe4 c5 19. e6 $1 {Pìscová
valina se povalí dopøedu a uvolní dráhy figurám} fxe6 20. f6 g6 21. f7+ 1-0

[Event "KP SSS 13/14, Dobrovice-Podebrady"]
[Site "?"]
[Date "2013.11.10"]
[Round "2.1"]
[White "Rut, Vojtech"]
[Black "Kaplan, Daniel"]
[Result "0-1"]
[WhiteElo "2065"]
[BlackElo "2070"]
[Annotator "Vojta Rut"]
[PlyCount "44"]
[EventDate "2013.??.??"]
[SourceDate "2014.06.22"]

1. e4 e5 2. Nf3 Nc6 3. Bc4 Nf6 4. d4 exd4 5. e5 Ne4 {Lehce pochybná varianta}
6. Qe2 {Dáma se pìknì zapojuje do hry a jezdec musí na nevábné pole} Nc5 7. c3
{Nadìjná obì  pìsce hraná i Nakamurou} Ne6 (7... dxc3 8. Nxc3 Be7 9. Be3 O-O
10. O-O-O {Nakamura,H - Fressinet,L (2004) se poèítaèi sice tolik nelíbí ale
já vìøím ze náskok ve vývinu a prostor pøi opaèných rosádách jasnì favorizují
bílého}) 8. cxd4 Ncxd4 9. Nxd4 Nxd4 10. Qe4 Ne6 11. Nc3 {Bílého náskok ve
vývinu a prostor bezpeènì kompenzují pìsce} d6 12. Bf4 {Samozøejmì nebrat na
d6 ale vývinem zesilovat tlak na centrum!} Nxf4 13. Qxf4 Qe7 14. O-O-O dxe5 15.
Qf3 $4 {Bohuzel skoro kazdý obèas pøi partii oslepne} (15. Bxf7+ $1 Qxf7 16.
Rd8+ Ke7 17. Qg5+ Ke6 18. Re1 Qf6 19. Qg4+ Kf7 20. Rxc8 $16) 15... Qf6 {Bílý
prosel okolo své sance a èerný jiz stojí dobøe, bílý se snazí èeøit vody ale
jiz na to nemá nárok} 16. Nd5 Qc6 17. Kb1 Bd6 18. Rc1 Be6 19. Rhd1 O-O 20. Nf6+
$4 {Jak øíká Petr Vanìk, kdyz èlovìk pøehlízet zaène tak uz v partii neskonèí}
gxf6 21. Qxf6 Qe4+ 22. Bd3 Qf4 {Vìèný sach se nekoná , partie tedy konèí} 0-1

[Event "O Pohar mesta Ricany 2014 - OPEN A"]
[Site "Ricany"]
[Date "2014.08.28"]
[Round "7.5"]
[White "Rut, Vojtech"]
[Black "Vyprachticky, David"]
[Result "1/2-1/2"]
[WhiteElo "2119"]
[BlackElo "2121"]
[Annotator "Vojta Rut"]
[PlyCount "89"]
[EventDate "2014.??.??"]
[SourceDate "2014.06.22"]

1. e4 e5 2. Nf3 Nc6 3. d4 exd4 4. Bc4 Nf6 5. e5 d5 6. Bb5 Ne4 7. Nxd4 Bd7 8.
Bxc6 bxc6 9. O-O Bc5 10. f3 Ng5 11. f4 Ne4 12. Be3 Qb8 {Velice nepøíjemná
vylozenì "poèítaèová" varianta} 13. Qc1 {Oproti svým oblíbeným zvykùm jsem se
jednou rozhodl pìsce neobìtovat, hlavnì z dùvodu pøípadné domácí pøípravy
soupeøe} Bxd4 14. Bxd4 c5 15. Bf2 Bb5 16. Re1 Nxf2 17. Kxf2 Qb6 {Zahájení se
bílému prostì nepovedlo, král je zranitelný a figurky vzadu, nicménì poøád je
tøeba bojovat a hledat sance, dominantním strategickým prvkem v pozici jsou
postavení obou králù a moznosti pochodu pìscù} 18. Kg1 Bc6 19. Nd2 O-O-O 20.
Kh1 f6 21. e6 $1 {Bílý rezignuje na pomalý útok na oslabeného èerného krále a
hledá svoji sanci v silném pìsci "e"} Ba8 $6 (21... Rhe8 22. c3 {[%csl Rb4,Rd4]
} d4 23. cxd4 cxd4 24. Nb3 $15) 22. Qd1 g6 23. e7 Rde8 24. Qg4+ f5 25. Qh4 Qd6
{Najednou se celá hra toèí okolo pìsce e7, díky èemuz jiz bílý stojí dobøe} 26.
Re5 h6 27. Rae1 Kd7 28. Nf3 $2 {Pole e5 vypadá pìknì ale bílý ho nakonec
nedokáze smysluplnì vyuzít} (28. Nb3 $1 {[%csl Rc5]}) 28... d4 29. Re6 $2 {
Tady bílý nedopoèítal variantu správnì daleko} Qxe6 30. Rxe6 Kxe6 31. Ne5 Rxe7
$1 {A v tom je problém} 32. Kg1 (32. Nxg6 $2 Rg7 {[%csl Rg2]} 33. Nxh8 $4 Rxg2
$19) 32... g5 33. Qh5 Rg7 34. Nd3 c4 35. Qe2+ Be4 36. Nf2 Kd5 37. b3 cxb3 38.
axb3 gxf4 39. Qc4+ Ke5 40. Qc5+ Ke6 41. Nxe4 fxe4 42. Qxd4 Rhg8 43. Qxe4+ Kd7
44. Qd5+ Ke8 45. Qa8+ 1/2-1/2